Shopping center management (Record no. 57414)

MARC details
000 -LEADER
fixed length control field 00709nam a2200181 a 4500
008 - FIXED-LENGTH DATA ELEMENTS--GENERAL INFORMATION
fixed length control field 060424s1992 ||||||||||||||||| || u
020 ## - INTERNATIONAL STANDARD BOOK NUMBER
International Standard Book Number 0944298680
050 ## - LIBRARY OF CONGRESS CALL NUMBER
Classification number HF 5430 Ale
100 ## - MAIN ENTRY--PERSONAL NAME
Personal name Muhlebach, Richard F., 1943-
245 10 - TITLE STATEMENT
Title Shopping center management
260 ## - PUBLICATION, DISTRIBUTION, ETC.
Place of publication, distribution, etc. Chicago :
Name of publisher, distributor, etc. Institute of Real Estate Management of the National Association of Realtors
Date of publication, distribution, etc. 1992
300 ## - PHYSICAL DESCRIPTION
Extent xix, 403 p. : ill.
350 ## - PRICE (NR) (BK AM CF MU VM SE) [OBSOLETE]
Price 0.00
500 ## - GENERAL NOTE
General note Includes bibliographical references
650 ## - SUBJECT ADDED ENTRY--TOPICAL TERM
Topical term or geographic name entry element SHOPING CENTERS - MANAGEMENT
700 ## - ADDED ENTRY--PERSONAL NAME
Personal name Alexander, Alan A
995 ## - RECOMMENDATION 995 [LOCAL, UNIMARC FRANCE]
-- 0.00
-- CBU-MAIN LIBRARY (Kitwe)
-- 1
-- 261.92
-- AVAILABLE
-- Main Library Open Access Collection
Holdings
Withdrawn status Lost status Source of classification or shelving scheme Damaged status Not for loan Home library Current library Shelving location Date acquired Total Checkouts Full call number Barcode Date last seen Price effective from Koha item type
          CBU-MAIN LIBRARY, KITWE. CBU-MAIN LIBRARY, KITWE.   11/30/2022   HF 5430 Ale 024501 11/30/2022 11/30/2022 MONOGRAPH